000 00823nam a22002657a 4500
003 UA-OsUOA
001 38437
007 ta
008 20060510b un ||||| |||| 00| 0 ukr d
100 _aАхвердова О. А.
700 _aВолоскова Н. Н.
700 _aБелых Т. В.
090 _a159.922
_bА95
942 _cBK
040 _aUA-OsUOA
_bukr
_cUA-OsUOA
_dUA-OsUOA
245 _aДиференциальная психология
_bтеоретические и прыкладные аспекты исследования интегральной индивидуальности
300 _a168 с.
955 _a2
041 _aukr
080 _a159.922
020 _a5-9268-8
260 _aСПб
_bРечь
_c2004
650 7 _a159.9 Психологія
_2UDC
999 _c324592
_d324592